Obchodný zákonník komentár

Na minha lista:
Detalhes bibliográficos
Autor principal: Ovečková, Oľga
Formato: Livro
Idioma:eslovaco
Publicado em: Bratislava Iura Edition 2012
Edição:3. dopl. a preprac. vyd.
Assuntos:
Tags: Adicionar Tag
Sem tags, seja o primeiro a adicionar uma tag!

MARC

LEADER 00000nam a2200000 4500
001 0163192
005 20240318120923.5
020 |a 978-80-8078-434-8 
041 0 |a slo 
044 |a SK 
245 1 0 |a Obchodný zákonník  |b komentár  |c Oľga Ovečková a kolektív 
250 |a 3. dopl. a preprac. vyd. 
264 1 |a Bratislava  |b Iura Edition  |c 2012 
300 |a 995 s. 
610 2 0 |a zákonník obchodný 
610 2 0 |a právo obchodné 
610 2 0 |a komentáre 
610 2 0 |a legislatíva 
610 2 0 |a vzťahy obchodné záväzkové 
610 2 0 |a záväzky 
610 2 0 |a pohľadávky 
610 2 0 |a premlčanie 
610 2 0 |a zmluvy kúpne 
610 2 0 |a zmluvy o predaji podniku 
610 2 0 |a zmluvy úverové 
610 2 0 |a zmluvy licenčné 
610 2 0 |a zmluvy o dielo 
610 2 0 |a zmluvy komisionárske 
610 2 0 |a zmluvy o činnosti kontrolnej 
610 2 0 |a zmluvy zasielateľské 
610 2 0 |a zmluvy prepravné 
610 2 0 |a zmluvy nájomné 
610 2 0 |a zmluvy sprostredkovateľské 
610 2 0 |a zmluvy obchodné 
610 2 0 |a odškodnenie 
610 2 0 |a šeky 
610 2 0 |a vzťahy medzinárodné 
610 2 0 |a vzťahy obchodné 
610 2 0 |a obchod medzinárodný 
610 2 0 |a doložka zmluvná 
100 1 |a Ovečková, Oľga